El nuevo salterio latino: Aclaraciones sobre el origen y el espíritu de la traducción

Tallennettuna:
Bibliografiset tiedot
Päätekijä: Bea, Agustín
Aineistotyyppi: Kirja
Kieli:Undetermined
Julkaistu: Barcelona, España Herder 1947
Aiheet:
Tagit: Lisää tagi
Ei tageja, Lisää ensimmäinen tagi!

MARC

LEADER 00000nam a2200000Ia 4500
008 170316s9999 xx 000 0 und d
040 |a cru BVZT 
090 |a 830 B-3n 
100 |a Bea, Agustín 
245 |a El nuevo salterio latino: Aclaraciones sobre el origen y el espíritu de la traducción 
260 |a Barcelona, España 
260 |b Herder 
260 |c 1947 
300 |a 186 páginas 
650 |a LITERATURA ALEMANA 
999 |c 7293  |d 7293 
942 |c 15 D  |h 830 B-3n  |2 z